Foundations of Pakistan All Indian Muslim League Documents: 1906 -1947 (Record no. 344243)
[ view plain ]
| 000 -LEADER | |
|---|---|
| fixed length control field | 00305 a2200109 4500 |
| 090 ## - LOCALLY ASSIGNED LC-TYPE CALL NUMBER (OCLC); LOCAL CALL NUMBER (RLIN) | |
| -- | 1728 |
| -- | 1728 |
| 100 ## - MAIN ENTRY--PERSONAL NAME | |
| Personal name | Syed Sharifuddin Pirzada |
| 245 ## - TITLE STATEMENT | |
| Title | Foundations of Pakistan All Indian Muslim League Documents: 1906 -1947 |
| 250 ## - EDITION STATEMENT | |
| Edition statement | Vol i |
| 260 ## - PUBLICATION, DISTRIBUTION, ETC. | |
| Place of publication, distribution, etc. | Royal Book Company |
| 942 ## - ADDED ENTRY ELEMENTS (KOHA) | |
| Institution code [OBSOLETE] | NBS |
| Koha item type | Book |
| Call number prefix | 954.91 FOU |
| Withdrawn status | Lost status | Damaged status | Not for loan | Permanent Location | Current Location | Date acquired | Total Checkouts | Full call number | Barcode | Date last seen | Date last checked out | Price effective from | Koha item type |
|---|---|---|---|---|---|---|---|---|---|---|---|---|---|
| Central Library (CL) | Central Library (CL) | 08/28/2013 | 1 | 954.91 FOU | NBS2227 | 11/23/2017 | 08/28/2017 | 08/28/2013 | Book | ||||
| Central Library (CL) | Central Library (CL) | 08/28/2013 | 1 | 954.91 FOU | NBS2227-A | 11/23/2017 | 08/28/2017 | 08/28/2013 | Book |
